| 000 | 00461nam a2200169Ia 4500 | ||
|---|---|---|---|
| 003 | LK-CoDNM | ||
| 008 | 010623t1998 xxu||||| |||| 00| 1 eng d | ||
| 040 |
_aLK-CoDNM _dLK-CoDNM _eLK-CoDNM |
||
| 041 | _aeng | ||
| 080 |
_a72 _bWIJ |
||
| 100 | _aWijesuriya, Gamini | ||
| 245 | _aBuddhist Meditation Monasteries of Ancient Sri Lanka | ||
| 260 |
_bDepartment of archaeology _aColombo _c1998 |
||
| 300 | _b(xii)216, 30 cm | ||
| 650 | _aArchitecture | ||
| 942 | _cBK | ||
| 999 |
_c118622 _d118622 |
||